Normal view
MARC view
Entry Meeting Name
001 - CONTROL NUMBER
- control field: 16566
003 - CONTROL NUMBER IDENTIFIER
- control field: OSt
005 - DATE AND TIME OF LATEST TRANSACTION
- control field: 20211105134044.0
008 - FIXED-LENGTH DATA ELEMENTS
- fixed length control field: 211105|| aca||aabn | a|a d
040 ## - CATALOGING SOURCE
- Original cataloging agency: OSt
- Transcribing agency: OSt
111 ## - HEADING--MEETING NAME
- Meeting name or jurisdiction name as entry element: Recontre De Moriond on Dark Matter
- Number of part/section/meeting: 33rd
- Location of meeting: Les Arcs, Savoie, France
- Date of meeting or treaty signing: 1988
670 ## - SOURCE DATA FOUND
- Source citation: Work cat.: (OSt): Audouze, J. 11166, Dark matter, 1988